| 000 | 005240000a22002050004500 | ||
|---|---|---|---|
| 003 | LK-CoMWRAF | ||
| 005 | 20231206145937.0 | ||
| 008 | 230817t2003 ||||| |||| 00| 0 eng d | ||
| 020 | _a1844030199 | ||
| 040 |
_aLK-CoMWRAF _dLK-CoMWRAF _eLK-CoMWRAF |
||
| 041 | _aeng | ||
| 082 |
_a635.9 _bARD |
||
| 100 | _aArdle, Jon | ||
| 245 | _aBonsai | ||
| 260 |
_aLondon: _bCassell illustrated, _c2003 |
||
| 300 |
_a 96 p. : col. ill. ; 22 cm. _bIndex included |
||
| 490 | _aRHS Wisley handbooks | ||
| 650 | _aBONSAI | ||
| 942 | _cBK | ||
| 999 |
_c2300 _d2300 |
||